00618cam a22001811 450000100100000000500170001000800410002704000370006808200170010510000460012224500550016826000470022330000260027049000310029650400600032765000250038765000240041200001473620200929163908.0740815s1937 nyu 001 0 eng d aDO-SdBNPcTxU-DadOUdDLCdBNPHU a320.9bS116h1 aSabine, George H.,e(Holland)d1880-1961.12aA history of political theory /cGeorge H. Sabine. aNew York :bHenry Holt and company,c1937. axvi, 797 p. ;c22 cm.0 aAmerican political science a"Selected bibliography" at end of most of the chapters. 4aPolíticaxHistoria 4aTeoría política